Синтез тимин содержащие мономера ПНК на основе глицина; Химия и химическая технология в XXI веке

Dades bibliogràfiques
Parent link:Химия и химическая технология в XXI веке.— 2018.— [С. 169-170]
Autor corporatiu: Московский технологический университет
Altres autors: Абдельбаки А. С., Прохоров И. А., Щвец В. И., Кириллова Ю. Г.
Sumari:Заглавие с экрана
Idioma:rus
Publicat: 2018
Col·lecció:Химия и химическая технология органических веществ и материалов
Matèries:
Accés en línia:http://earchive.tpu.ru/handle/11683/49647
Format: MixedMaterials Electrònic Capítol de llibre
KOHA link:https://koha.lib.tpu.ru/cgi-bin/koha/opac-detail.pl?biblionumber=626815

MARC

LEADER 00000naa2a2200000 4500
001 626815
005 20231101133430.0
035 |a (RuTPU)RU\TPU\conf\26442 
035 |a RU\TPU\conf\26441 
090 |a 626815 
100 |a 20180802d2018 k y0rusy50 ca 
101 0 |a rus 
102 |a RU 
105 |a y z 101zy 
135 |a drgn ---uucaa 
181 0 |a i  
182 0 |a b 
200 1 |a Синтез тимин содержащие мономера ПНК на основе глицина  |f А. С. Абдельбаки [и др.] 
203 |a Текст  |c электронный 
225 1 |a Химия и химическая технология органических веществ и материалов 
230 |a 1 компьютерный файл (pdf; 751 Kb) 
300 |a Заглавие с экрана 
320 |a [Библиогр.: с. 170 (3 назв.)] 
463 0 |0 (RuTPU)RU\TPU\conf\26227  |t Химия и химическая технология в XXI веке  |o материалы XIX Международной научно-практической конференции студентов и молодых ученых имени профессора Л. П. Кулёва, 21-24 мая 2018 г., г. Томск  |f Национальный исследовательский Томский политехнический университет  |v [С. 169-170]  |d 2018 
610 1 |a электронный ресурс 
610 1 |a синтез 
610 1 |a тимин 
610 1 |a кислоты 
610 1 |a глицин 
610 1 |a мономеры 
610 1 |a олигомеризация 
610 1 |a твердые фазы 
701 1 |a Абдельбаки  |b А. С. 
701 1 |a Прохоров  |b И. А. 
701 1 |a Щвец  |b В. И. 
701 1 |a Кириллова  |b Ю. Г. 
712 0 2 |a Московский технологический университет 
801 2 |a RU  |b 63413507  |c 20180821  |g RCR 
856 4 |u http://earchive.tpu.ru/handle/11683/49647 
942 |c BK